shadowhunters - Statistics

General Stats
  • This quiz has been taken 392 times
  • The average score is 7 of 12
Answer Stats
Hint Answer % Correct
high worlock of brooklyn Magnus Bane
99%
his sister Isabelle Lightwood
88%
his boyfriend Alexander Lightwood
81%
his best friend Clary Fairchild
80%
her vampire boyfriend Simon Lewis
77%
his race werewolf
54%
his xwife Jocelyn Fairchild
51%
her boyfriend Luke Garroway
49%
his adoptive father Valentine Morgenstern
48%
a female of the same race Maia Roberts
40%
her boyfriend Jordan Kyle
39%
her boyfriend Jace Horondale
9%
No matching quizzes found
Score Distribution
Percent of People with Each Score
Percentile by Number Answered
Your Score History
You have not taken this quiz